000 00875nam a2200181Ia 4500
008 100921s9999 xx 000 0 und d
082 _b6336
_a954 थ 75
100 _aगोळेगावकर श्री.के.
245 _aमोहोनजोदरो: लिपी,समाज आणि संस्कृती-पूर्वार्ध.
260 _bगोळेगावकर श्री.के.नागपूर.
_c1975
300 _a204
_b---
365 _b40
520 _aइतिहास-भारत.
630 _aमोहोनजोदरो: लिपी,समाज आणि संस्कृती-पूर्वार्ध.
650 _aइतिहास-भारत.
730 _aमोहोनजोदरो: लिपी,समाज आणि संस्कृती-पूर्वार्ध.
942 _cBOOK
999 _c755449
_d755446